LEADER 00959nam0 22002531i 450 001 UON00391597 005 20231205104614.864 100 $a20110415d1979 |0itac50 ba 101 $aita 102 $aIT 105 $a|||| ||||| 200 1 $aClasse politica e parlamento in Italia, 1946-1976$fMaurizio Cotta 210 $aBologna$cIl Mulino$d1979 215 $a376 p.$d 21 cm. 606 $aItalia$xParlamento$xStoria. 1946-1976$3UONC077972$2FI 620 $aIT$dBologna$3UONL000085 700 1$aCotta$bMaurizio$3UONV101015$0118838 712 $aIl Mulino$3UONV245824$4650 801 $aIT$bSOL$c20250808$gRICA 899 $aSIBA - SISTEMA BIBLIOTECARIO DI ATENEO$2UONSI 912 $aUON00391597 950 $aSIBA - SISTEMA BIBLIOTECARIO DI ATENEO$dSI PUB C 0330 $eSI SC 8022 5 0330 $sBuono 996 $aClasse politica e Parlamento in Italia, 1946-1976$9591859 997 $aUNIOR